Jahrhunderttrainer der Bundsligaclubs - Statistiken

Allgemein
  • Dieses Quiz wurde 104 mal gespielt
  • Das Durchschnittsergebnis liegt bei 5 aus 12
Antwortstatistiken
Club Trainer % Korrekt
Bayern München Ottmar Hitzfeld
91%
Borussia Dortmund Ottmar Hitzfeld
91%
FC Schalke 04 Huub Stevens
81%
1. FC Köln Hennes Weisweiler
62%
Borussia Mönchengladbach Hennes Weisweiler
55%
Hamburger SV Ernst Happel
49%
Arminia Bielfeld Ernst Middendorp
28%
VfB Stuttgart Joachim Löw
15%
VfL Bochum Klaus Toppmöller
12%
Stuttgarter Kickers Robin Dutt
7%
Rot Weiß Essen Jürgen Röber
5%
SC Paderborn 07 Pawel Dotschew
2%
Keine übereinstimmenden Quizze gefunden
Verteilung der Resultate
Anzahl Personen mit jedem Resultat
Perzentil nach korrekt beantworteten Fragen
Ihre Resultats-Entwicklung
Sie haben dieses Quiz noch nicht gespielt